|
|
|
|
| LEADER |
00000nam a22000007a 4500 |
| 005 |
20170527195832.0 |
| 007 |
cr|||| |||| |
| 008 |
170527s2017 mx |||||s|||| 00||0 spa d |
| 020 |
|
|
|a 978-607-406-884-9
|
| 035 |
|
|
|a 20265
|
| 040 |
|
|
|a vLex
|
| 090 |
|
|
|c 6701
|d 6701
|
| 100 |
1 |
|
|a Da̕z Castrejn̤, Benjamn̕
|
| 245 |
1 |
0 |
|a Estudio prc̀tico del ISR e IVA de bienes inmuebles para personas fs̕icas 2017
|h [Recurso electrn̤ico] /
|c Benjamn̕ Da̕z Castrejn̤
|
| 256 |
|
|
|a Servicio en ln̕ea
|
| 260 |
|
|
|a Mx̌ico DF:
|b Ediciones Fiscales ISEF,
|c 2017
|
| 300 |
|
|
|a 1 recurso electrn̤ico
|
| 500 |
|
|
|a Esta obra, ESTUDIO PRℓCTICO DEL ISR E IVA DE BIENES INMUEBLES estimado lector, le ayudar ̀a interpretar con ms̀ facilidad las disposiciones fiscales en materia de inmuebles por arrendamiento, enajenacin̤ o adquisicin̤ de inmuebles.
|
| 506 |
1 |
|
|a Disponible solo en los productos indicados
|d vLex Global
|d vLex Global (Academic Edition, excluding Law Schools)
|d vLex Global (U.S. Academic Edition, Law Schools)
|d vLex Global (U.S. Academic Edition, excluding Law Schools)
|d vLex Global (Academic Edition, Law Schools)
|
| 650 |
0 |
4 |
|a Derecho Fiscal
|z Mx̌ico
|
| 740 |
0 |
|
|a vLex Libros (Servicio en ln̕ea)
|
| 856 |
4 |
0 |
|u http://vlex.com/source/estudio-practico-del-isr-e-iva-de-bienes-inmuebles-para-personas-fisicas-2017-20265
|z Acceso restringido
|
| 942 |
|
|
|c BOOK
|
| 999 |
0 |
|
|a Tax Law
|